Zu Besonderheiten des Fachbegriffes ublíženie na zdraví aus der Perspektive des Strafrechts in der Slowakei und in Deutschland

Osobitosti slovenského pojmu ublíženie na zdraví z pohľadu jeho prekladu do Nemčiny na základe týchto predpokladov: (1) rôznorodosť zdrojov informácií, (2) duálna povaha jazyka a (3) teória kontextualizmu. Vzhľadom na rozdiely medzi nemeckým a slovenským trestným právom je potrebné brať do úvahy výr...

ver descrição completa

Na minha lista:
Detalhes bibliográficos
Autor principal: Gašová, Zuzana, 1977-
Formato: Capítulo de Livro
Idioma:alemão
Assuntos:
Tags: Adicionar Tag
Sem tags, seja o primeiro a adicionar uma tag!

MARC

LEADER 00000naa a2200000 4500
001 0297146
005 20251219122502.8
041 0 |a ger 
044 |a DE 
245 1 0 |a Zu Besonderheiten des Fachbegriffes ublíženie na zdraví aus der Perspektive des Strafrechts in der Slowakei und in Deutschland  |c Zuzana Gašová 
520 |a Osobitosti slovenského pojmu ublíženie na zdraví z pohľadu jeho prekladu do Nemčiny na základe týchto predpokladov: (1) rôznorodosť zdrojov informácií, (2) duálna povaha jazyka a (3) teória kontextualizmu. Vzhľadom na rozdiely medzi nemeckým a slovenským trestným právom je potrebné brať do úvahy výrazové a pojmové aspekty základného pojmu a jeho postavenie v terminológii s cieľom vybrať vhodný cudzojazyčný ekvivalent a následne porovnať tieto informácie s možnými ekvivalentmi v nemčine. 
610 2 0 |a prekladatelia 
610 2 0 |a prekladateľstvo 
610 2 0 |a právo trestné 
610 2 0 |a právo trestné medzinárodné 
610 2 0 |a slovenčina 
610 2 0 |a nemčina 
610 2 0 |a zdravie 
100 1 |a Gašová, Zuzana, 1977-